Presidenti statunitensi - Statistics

Statistiche generali
  • Questo quiz è stato fatto 1.421 volte
  • Il punteggio medio è 24 su 46
Statistiche sulle risposte
con Immagini Risposta % Corretto
George Washington
95%
Barack Obama
94%
Donald Trump
94%
Joe Biden
93%
John F. Kennedy
92%
George H. W. Bush
89%
George W. Bush
89%
Abraham Lincoln
88%
Bill Clinton
84%
Franklin Delano Roosevelt
81%
Ronald Reagan
80%
Richard Nixon
79%
Theodore Roosevelt
79%
Harry Truman
71%
Thomas Jefferson
67%
Jimmy Carter
63%
Dwight Eisenhower
61%
Gerald Ford
61%
Lyndon B. Johnson
60%
Andrew Johnson
59%
Woodrow Wilson
54%
John Adams
49%
John Quincy Adams
49%
Herbert Hoover
42%
James Monroe
38%
Andrew Jackson
35%
Ulysses S. Grant
35%
James A. Garfield
34%
James Madison
33%
Grover Cleveland
31%
Grover Cleveland
31%
William Henry Harrison
31%
Benjamin Harrison
30%
William Howard Taft
30%
Martin Van Buren
29%
William McKinley
29%
Calvin Coolidge
28%
Zachary Taylor
28%
James Knox Polk
26%
James Buchanan
25%
John Tyler
25%
Millard Fillmore
24%
Warren G. Harding
24%
Chester Arthur
22%
Franklin Pierce
22%
Rutherford B. Hayes
21%
Nessun quiz corrispondente trovato
Distribuzione punteggi
Percentuale di utenti per punteggio
Percentile per numero di risposta
I tuoi punteggi nel tempo
Non hai fatto questo quiz